State of trade report (Record no. 112304)
[ view plain ]
| 000 -LEADER | |
|---|---|
| fixed length control field | 01544cad a22002535a 4500 |
| 001 - CONTROL NUMBER | |
| control field | L152976 |
| 008 - FIXED-LENGTH DATA ELEMENTS--GENERAL INFORMATION | |
| fixed length control field | 110519s2011 xxkd f s 000 0 eng d |
| 035 ## - SYSTEM CONTROL NUMBER | |
| System control number | (Sirsi) u152976 |
| 041 0# - LANGUAGE CODE | |
| Language code of text/sound track or separate title | eng |
| 050 04 - LIBRARY OF CONGRESS CALL NUMBER | |
| Classification number | 338.4569 $2 18 |
| 100 1# - MAIN ENTRY--PERSONAL NAME | |
| Personal name | Murdoch, Ian J. |
| 110 2# - MAIN ENTRY--CORPORATE NAME | |
| Corporate name or jurisdiction name as entry element | Northumbria University |
| Subordinate unit | School of the Built Environment |
| 9 (RLIN) | 5649 |
| 245 00 - TITLE STATEMENT | |
| Title | State of trade report |
| Remainder of title | 2011, quarter 1 |
| Medium | [electronic resource] |
| 260 ## - PUBLICATION, DISTRIBUTION, ETC. | |
| Place of publication, distribution, etc. | London |
| Name of publisher, distributor, etc. | National Specialist Contractors Council |
| Date of publication, distribution, etc. | 2011 |
| 490 #0 - SERIES STATEMENT | |
| Series statement | NSCC State of Trade Report |
| Volume/sequential designation | First Quarter 2011 |
| 520 ## - SUMMARY, ETC. | |
| Summary, etc. | Presents the results for the first quarter of 2011. Illustrated with charts, the report covers orders, price and margin analysis, procurement, payment periods, retentions, contract abuse, and adjudication, followed by comments from various specialist contractors. The National Specialist Contractors Council (NSCC) brings together the common aims of 32 specialist trade organisations within the construction industry and is the authoritative voice of specialist contractors in the UK. Includes results for enquiries, orders, labour, workload, skills and skills shortages, price and margin analysis, procurement, comments from specialist contractors. |
| 521 ## - TARGET AUDIENCE NOTE | |
| Target audience note | Advanced |
| 590 ## - LOCAL NOTE (RLIN) | |
| Local note | KA |
| 650 24 - SUBJECT ADDED ENTRY--TOPICAL TERM | |
| Topical term or geographic name entry element | NATIONAL SPECIALIST CONTRACTORS COUNCIL STATE OF TRADE REPORT |
| 651 #4 - SUBJECT ADDED ENTRY--GEOGRAPHIC NAME | |
| Geographic name | United Kingdom |
| Chronological subdivision | |
| 690 ## - LOCAL SUBJECT ADDED ENTRY--TOPICAL TERM (OCLC, RLIN) | |
| Topical term or geographic name as entry element | BUILT ENVIRONMENT-CONSTRUCTION MARKET |
| 856 40 - ELECTRONIC LOCATION AND ACCESS | |
| Uniform Resource Identifier | <a href="https://www.nscc.org.uk/documents/Q1Report2011.pdf">https://www.nscc.org.uk/documents/Q1Report2011.pdf</a> |
| Public note | View the item free of charge at www.nscc.org.uk |
| 942 ## - ADDED ENTRY ELEMENTS (KOHA) | |
| Suppress in OPAC | 0 |
| Withdrawn status | Lost status | Source of classification or shelving scheme | Damaged status | Not for loan | Home library | Current library | Shelving location | Date acquired | Total Checkouts | Full call number | Barcode | Date last seen | Copy number | Price effective from | Koha item type |
|---|---|---|---|---|---|---|---|---|---|---|---|---|---|---|---|
| Dewey Decimal Classification | Virtual | Virtual | Online | 19/05/2011 | ONLINE PUBLICATION | 152976-2001 | 06/08/2019 | 1 | 06/08/2019 | Book |